Statistics for Disney Heroines

Click here to take the quiz!

General Stats

  • This quiz has been taken 29,847 times
    (29,661 since last reset)
  • The average score is 16 of 26

Answer Stats

Hint Answer % Correct
Lives with seven menSnow White
99%
Has mean stepsistersCinderella
98%
Saves ChinaMulan
93%
Trades her voice for legsAriel
91%
Flies on a carpetJasmine
89%
Has long magical hairRapunzel
88%
Uses an umbrella to flyMary Poppins
86%
Turns things to iceElsa
84%
Eats or drinks to change sizeAlice
76%
Sleeps for a long timeAurora
73%
Educates a jungle manJane
72%
Has a raccoon friendPocahontas
72%
Finds the aboveAnna
64%
Seeks asylum at
the Notre Dame Cathedral
Esmeralda
63%
Falls in love with a scruffy dogLady
62%
Likes reading and longs for adventureBelle
62%
Seeks the rightful king of
the Prideland
Nala
58%
Goes on a trip with her brothers
and a magic boy
Wendy Darling
58%
Likes archeryMerida
58%
Gets turned into a frogTiana
54%
Changes from a proper lady to a pirateElizabeth Swann
35%
Becomes a princess while in high school,
and writes about it in her diary
Mia
Thermopolis
32%
Loves a skeletonSally
21%
Leaves a cartoon world to
come to New York
Giselle
21%
Overcomes a fear of heights to
save a strongman
Megara
19%
Lives in the lost city of AtlantisKida
16%

Score Distribution

Percentile by Number Answered

Percent of People with Each Score

Your Score History

You have not taken this quiz since the last reset